| 000 | 00800nam a2200253 a 4500 | ||
|---|---|---|---|
| 001 | 46113 | ||
| 003 | BD-RjUL | ||
| 005 | 20211209054117.0 | ||
| 008 | 160731m19531948enk b 001 0 eng | ||
| 035 | _a(BD-RjUL)46231 | ||
| 040 |
_aDLC _cINL _dZCU _dBD-RjUL _beng |
||
| 041 | _aeng | ||
| 082 |
_223 _a342.4209 _bCHE 1953 |
||
| 100 | 1 |
_aChrimes, S. B. _9140956 |
|
| 245 | 1 | 0 |
_aEnglish constitutional history / _cS.B. Chrimes. |
| 250 | _a2nd ed. | ||
| 260 |
_aLondon ; _aNew York : _bOxford University Press, _c1953, |
||
| 300 |
_a201 p. ; _c16 cm. |
||
| 490 | 1 |
_aThe Home university library of modern knowledge ; _v199 |
|
| 500 | _aindex | ||
| 650 | 0 |
_aConstitutional history _zGreat Britain. _9139775 |
|
| 830 | 0 |
_aThe Home university library of modern knowledge ; _v199. _9125380 |
|
| 942 |
_2ddc _cBK |
||
| 999 |
_c46113 _d46113 |
||